[Event "Mainz Ordix op 17th"]
[Site "Mainz"]
[Date "2010.08.07"]
[Round "3"]
[White "Asendorf, Joachim"]
[Black "Grischuk, Alexander"]
[Result "0-1"]
[WhiteElo "2323"]
[BlackElo "2760"]
[PlyCount "82"]
[EventDate "2010.08.07"]
[EventType "swiss (rapid)"]
[EventRounds "11"]
[EventCountry "GER"]
[SourceTitle "CBM 137 Extra"]
[Source "ChessBase"]
[SourceDate "2010.09.01"]
[SourceVersion "1"]
[SourceVersionDate "2010.09.01"]
[SourceQuality "1"]

1. c4 Nf6 2. Nc3 e5 3. g3 Bb4 4. Bg2 0-0 5. e4 Bxc3 6. dxc3 d6 7. Ne2 a6 8. a4 a5 9. h3 Nbd7 10. Be3 b6 11. g4 Nc5 12. Ng3 Bb7 13. Qc2 Nfd7 14. h4 Kh8 15. 0-0-0 Qe8 16. b3 Ne6 17. Ne2 Ndc5 18. f3 Rd8 19. g5 f6 20. Rh3 Qf7 21. gxf6 gxf6 22. Ng3 Nf4 23. Bxf4 exf4 24. Nf5 Bc8 25. Kb2 Rde8 26. Rh2 Bxf5 27. exf5 Re3 28. Rd4 Rfe8 29. Bh1 Qe7 30. Ka2 Re2 31. Rxe2 Qxe2 32. Rd2 Qe1 33. Rh2 Rg8 34. Qd2 Rg1 35. Qxe1 Rxe1 36. h5 h6 37. Kb2 Nd3+ 38. Kc2 Ne5 39. Kd2 Ra1 40. Bg2 Ra2+ 41. Kd1 Kg7 0-1

[Event "Bremen-ch op"]
[Site "Bremen"]
[Date "2010.04.02"]
[Round "8"]
[White "Asendorf, Joachim"]
[Black "Kuegel, Tobias"]
[Result "1-0"]
[WhiteElo "2302"]
[BlackElo "1939"]
[PlyCount "120"]
[EventDate "2010.03.27"]
[EventType "swiss"]
[EventRounds "9"]
[EventCountry "GER"]
[SourceTitle "EXT 2022"]
[Source "ChessBase"]
[SourceDate "2021.10.06"]
[SourceVersion "1"]
[SourceVersionDate "2021.10.06"]
[SourceQuality "1"]

1. c4 Nf6 2. Nc3 e6 3. Nf3 c5 4. g3 d5 5. cxd5 exd5 6. d4 Nc6 7. Bg2 cxd4 8. Nxd4 Be6 9. 0-0 g6 10. Be3 Bg7 11. Nxc6 bxc6 12. Bc5 Nd7 13. Ba3 Nb6 14. Bc5 Nd7 15. Ba3 Nb6 16. Rb1 Nc4 17. Bc5 Qa5 18. Bd4 0-0 19. b3 Nd6 20. Na4 Rfc8 21. Rc1 Bxd4 22. Qxd4 c5 23. Rxc5 Rxc5 24. Qxc5 Qxc5 25. Nxc5 Rc8 26. Rc1 Nb7 27. Nd3 Rxc1+ 28. Nxc1 Nc5 29. e3 Kf8 30. Kf1 Ke7 31. Ke2 Kd6 32. Nd3 Bf5 33. Nxc5 Kxc5 34. Kd2 d4 35. e4 Be6 36. Kc2 a5 37. a3 Bd7 38. Bf1 Be6 39. f4 f6 40. Be2 Bf7 41. Bd1 Be8 42. Be2 Bf7 43. e5 fxe5 44. fxe5 Be6 45. Bc4 Bf5+ 46. Kd2 a4 47. Bg8 axb3 48. Bxb3 Bd7 49. Bg8 Be8 50. h4 h6 51. e6 Kd6 52. Kd3 g5 53. hxg5 hxg5 54. Kxd4 Bc6 55. Bf7 Ba4 56. Kc4 Bd1 57. Kb4 Be2 58. a4 Bd3 59. Ka5 Bc2 60. Kb5 Bd3+ 1-0

[Event "Bremen-ch op"]
[Site "Bremen"]
[Date "2010.03.31"]
[Round "6"]
[White "Asendorf, Joachim"]
[Black "Margraf, Daniel"]
[Result "0-1"]
[WhiteElo "2302"]
[BlackElo "2229"]
[PlyCount "62"]
[EventDate "2010.03.27"]
[EventType "swiss"]
[EventRounds "9"]
[EventCountry "GER"]
[SourceTitle "EXT 2022"]
[Source "ChessBase"]
[SourceDate "2021.10.06"]
[SourceVersion "1"]
[SourceVersionDate "2021.10.06"]
[SourceQuality "1"]

1. c4 e5 2. g3 Nc6 3. Bg2 Nf6 4. Nc3 g6 5. e4 Bg7 6. Nge2 0-0 7. 0-0 d6 8. f4 Nd4 9. d3 c6 10. h3 Nxe2+ 11. Nxe2 exf4 12. gxf4 d5 13. cxd5 cxd5 14. Be3 dxe4 15. dxe4 Be6 16. Nc3 Qa5 17. Qe2 Rac8 18. Rfd1 Nh5 19. Qf2 b6 20. Nd5 Bxd5 21. Rxd5 Qb4 22. e5 Bh6 23. Rd4 Qe7 24. Bf3 Ng7 25. Rad1 Nf5 26. Rd7 Qb4 27. Bd4 Qa4 28. Rd5 Rc2 29. Qf1 Bxf4 30. Bf2 Be3 31. Bxe3 Nxe3 0-1

[Event "Bremen-ch op"]
[Site "Bremen"]
[Date "2010.03.30"]
[Round "5"]
[White "Meyer, Malte"]
[Black "Asendorf, Joachim"]
[Result "1/2-1/2"]
[WhiteElo "2294"]
[BlackElo "2302"]
[PlyCount "64"]
[EventDate "2010.03.27"]
[EventType "swiss"]
[EventRounds "9"]
[EventCountry "GER"]
[SourceTitle "EXT 2022"]
[Source "ChessBase"]
[SourceDate "2021.10.06"]
[SourceVersion "1"]
[SourceVersionDate "2021.10.06"]
[SourceQuality "1"]

1. d4 d5 2. c4 e6 3. Nf3 c5 4. cxd5 exd5 5. Nc3 Nc6 6. Bf4 Nf6 7. e3 c4 8. Be2 Bd6 9. 0-0 0-0 10. Bg5 Be6 11. e4 dxe4 12. Bxf6 Qxf6 13. Nxe4 Qf4 14. Neg5 Bg4 15. Qc2 g6 16. Qxc4 h6 17. h3 Nxd4 18. Qxd4 Qxd4 19. Nxd4 Bxe2 20. Nxe2 hxg5 21. Rad1 Rad8 22. Nd4 Rfe8 23. Nf3 f6 24. Rd4 Bc5 25. Rxd8 Rxd8 26. Rc1 Bb6 27. Kf1 Kf7 28. Rc2 Re8 29. Nd2 Re6 30. Nc4 Rc6 31. Ke2 Bc7 32. b3 Ke6 1/2-1/2

[Event "Bremen-ch op"]
[Site "Bremen"]
[Date "2010.03.27"]
[Round "1"]
[White "Rose, Shawn"]
[Black "Asendorf, Joachim"]
[Result "0-1"]
[WhiteElo "1889"]
[BlackElo "2302"]
[PlyCount "84"]
[EventDate "2010.03.27"]
[EventType "swiss"]
[EventRounds "9"]
[EventCountry "GER"]
[SourceTitle "EXT 2022"]
[Source "ChessBase"]
[SourceDate "2021.10.06"]
[SourceVersion "1"]
[SourceVersionDate "2021.10.06"]
[SourceQuality "1"]

1. Nc3 d5 2. e4 d4 3. Nce2 e5 4. Ng3 Be6 5. Nf3 f6 6. Be2 g6 7. d3 Bg7 8. b3 c5 9. Nh4 Ne7 10. Bg4 Bf7 11. 0-0 Nbc6 12. f4 exf4 13. Bxf4 0-0 14. Bd2 Ne5 15. Bh3 b5 16. Ne2 Qd6 17. Bf4 N7c6 18. Qd2 c4 19. dxc4 bxc4 20. Rad1 Rad8 21. Nf3 d3 22. cxd3 cxd3 23. Nc1 Rfe8 24. Qe3 Qb4 25. Nxd3 Nxd3 26. Rxd3 Rxe4 27. Rxd8+ Nxd8 28. Bd6 Rxe3 29. Bxb4 Nc6 30. Bc5 Rc3 31. Bd6 f5 32. Rd1 Rc2 33. Rd2 Rc1+ 34. Kf2 Bh6 35. Re2 Bd5 36. Ba3 Ra1 37. Bc5 Be4 38. b4 a6 39. Nd4 Ne5 40. Rxe4 fxe4 41. Be6+ Kg7 42. h4 Nd3+ 0-1

[Event "Oberliga Nord W 0910"]
[Site "Germany"]
[Date "2010.03.21"]
[Round "8.5"]
[White "Asendorf, Joachim"]
[Black "Hantak, Adam"]
[Result "1-0"]
[WhiteElo "2302"]
[BlackElo "2191"]
[PlyCount "143"]
[EventDate "2009.10.18"]
[EventType "team-tourn"]
[EventRounds "9"]
[EventCountry "GER"]
[SourceTitle "EXT 2011"]
[Source "ChessBase"]
[SourceDate "2010.11.26"]
[SourceVersion "1"]
[SourceVersionDate "2010.11.26"]
[SourceQuality "1"]
[WhiteTeam "Werder Bremen II"]
[BlackTeam "Hannover PSC"]
[WhiteTeamCountry "GER"]
[BlackTeamCountry "GER"]

1. c4 e5 2. g3 Nf6 3. Bg2 Nc6 4. Nc3 Bb4 5. Nd5 0-0 6. a3 Be7 7. d3 h6 8. e3 d6 9. Ne2 Be6 10. 0-0 Qc8 11. b4 Bh3 12. b5 Bxg2 13. Kxg2 Nxd5 14. cxd5 Nb8 15. Bd2 Qd7 16. Qb3 c5 17. bxc6 bxc6 18. Rfc1 cxd5 19. Qxd5 Na6 20. Rab1 Rab8 21. Bb4 Nxb4 22. Rxb4 Rxb4 23. axb4 Rb8 24. Rc4 g6 25. Nc3 Kg7 26. b5 Rb6 27. Rc6 Qb7 28. Rxb6 Qxb6 29. Qc6 Qa5 30. Nd5 Bf8 31. Nc7 Kg8 32. Nd5 Kg7 33. Qc4 Qd8 34. Nb4 Be7 35. Nc6 Qc7 36. Qa4 Kf6 37. Nxa7 d5 38. Nc6 Bc5 39. Qh4+ Kg7 40. d4 exd4 41. exd4 Bd6 42. Qd8 Qxd8 43. Nxd8 Bc7 44. Nb7 Kf6 45. Nc5 Ke7 46. Kf3 Bb6 47. Ke3 Kd6 48. Na4 Ba5 49. g4 g5 50. f3 Kc7 51. Kd3 Kd6 52. Nc3 Ke6 53. Nd1 f5 54. Ne3 fxg4 55. fxg4 Bb6 56. Nf5 Bc7 57. h3 h5 58. Ng7+ Kf7 59. Nxh5 Kg6 60. Kc3 Kf7 61. Kb4 Bb6 62. Kc3 Bc7 63. b6 Bxb6 64. Ng3 Ba5+ 65. Kb3 Ke6 66. Nf5 Be1 67. Ka4 Bc3 68. Kb5 Bxd4 69. Nxd4+ Ke5 70. Kc5 Kf4 71. Ne6+ Kg3 72. Nxg5 1-0

[Event "Oberliga Nord W 0910"]
[Site "Germany"]
[Date "2010.01.24"]
[Round "5.6"]
[White "Asendorf, Joachim"]
[Black "Barlag, Christoph"]
[Result "1-0"]
[WhiteElo "2302"]
[BlackElo "2108"]
[PlyCount "93"]
[EventDate "2009.10.18"]
[EventType "team-tourn"]
[EventRounds "9"]
[EventCountry "GER"]
[SourceTitle "EXT 2011"]
[Source "ChessBase"]
[SourceDate "2010.11.26"]
[SourceVersion "1"]
[SourceVersionDate "2010.11.26"]
[SourceQuality "1"]
[WhiteTeam "Werder Bremen II"]
[BlackTeam "Braunschweig Gliesmarode"]
[WhiteTeamCountry "GER"]
[BlackTeamCountry "GER"]

1. c4 Nf6 2. g3 c6 3. Bg2 d5 4. Qc2 dxc4 5. Qxc4 g6 6. Nf3 Bg7 7. d3 Qd5 8. Qc2 0-0 9. Nc3 Qh5 10. h3 h6 11. Bd2 Nbd7 12. d4 g5 13. e4 Qg6 14. 0-0-0 Ne8 15. h4 g4 16. h5 Qh7 17. Nh2 Nb6 18. Ne2 Nd6 19. Kb1 Ndc4 20. Bc1 a5 21. f3 gxf3 22. Bxf3 a4 23. g4 Ra5 24. Rhg1 Rb5 25. Ka1 Rg5 26. Bxg5 hxg5 27. Qc1 Qh6 28. Ng3 c5 29. Be2 a3 30. Bxc4 axb2+ 31. Kxb2 Bxd4+ 32. Rxd4 cxd4 33. Nf5 Qf6 34. e5 Nxc4+ 35. Qxc4 Qxe5 36. Nf3 Qf4 37. Qxd4 Qxd4+ 38. N3xd4 e6 39. Ne7+ Kg7 40. Nxc8 Rxc8 41. Rc1 Rd8 42. Rc4 Rd7 43. Kc3 Kh6 44. Rc8 b6 45. Ra8 Rd6 46. Re8 Rd7 47. Nxe6 1-0

[Event "Oberliga Nord W 0910"]
[Site "Germany"]
[Date "2009.12.13"]
[Round "4.5"]
[White "Asendorf, Joachim"]
[Black "Lick, Patrick"]
[Result "1-0"]
[WhiteElo "2302"]
[BlackElo "2021"]
[PlyCount "67"]
[EventDate "2009.10.18"]
[EventType "team-tourn"]
[EventRounds "9"]
[EventCountry "GER"]
[SourceTitle "EXT 2011"]
[Source "ChessBase"]
[SourceDate "2010.11.26"]
[SourceVersion "1"]
[SourceVersionDate "2010.11.26"]
[SourceQuality "1"]
[WhiteTeam "Werder Bremen II"]
[BlackTeam "Hannover Post"]
[WhiteTeamCountry "GER"]
[BlackTeamCountry "GER"]

1. c4 b6 2. e4 Bb7 3. Nc3 e6 4. a3 g6 5. d4 Bg7 6. Be3 Ne7 7. Qd2 f5 8. f3 0-0 9. h4 d6 10. 0-0-0 fxe4 11. fxe4 d5 12. Nf3 Nbc6 13. b4 Ba6 14. Ng5 Qc8 15. Nxe6 Rxf1 16. Rhxf1 Bxc4 17. Nxg7 Bxf1 18. Rxf1 Qa6 19. b5 Qxa3+ 20. Qb2 Qd6 21. e5 Nxe5 22. dxe5 Qxe5 23. Qd2 c5 24. Bh6 d4 25. Qe1 Qxe1+ 26. Rxe1 Nf5 27. Nxf5 gxf5 28. Nd5 Kf7 29. h5 Re8 30. Rxe8 Kxe8 31. Nf6+ Kf7 32. Nxh7 Ke6 33. Ng5+ Kd5 34. Bg7 1-0

[Event "BL2-Nord 0607"]
[Site "Germany"]
[Date "2007.04.22"]
[Round "9.6"]
[White "Orzech, Dominik"]
[Black "Asendorf, Joachim"]
[Result "1-0"]
[WhiteElo "2335"]
[BlackElo "2315"]
[PlyCount "135"]
[EventDate "2006.10.15"]
[EventType "team-tourn"]
[EventRounds "9"]
[EventCountry "GER"]
[SourceTitle "EXT 2008"]
[Source "ChessBase"]
[SourceDate "2007.11.25"]
[SourceVersion "1"]
[SourceVersionDate "2007.11.25"]
[SourceQuality "1"]
[WhiteTeam "Zehlendorf"]
[BlackTeam "Werder Bremen II"]
[WhiteTeamCountry "GER"]
[BlackTeamCountry "GER"]

1. d4 d5 2. Nf3 c5 3. c4 e6 4. cxd5 exd5 5. g3 Nc6 6. Bg2 Nf6 7. 0-0 Be7 8. Nc3 0-0 9. dxc5 Bxc5 10. Bg5 d4 11. Bxf6 Qxf6 12. Nd5 Qd8 13. Nd2 Re8 14. Rc1 Bb6 15. Nc4 Bg4 16. Re1 Bc5 17. a3 a5 18. Nf4 Rc8 19. Qb3 Rc7 20. h3 Be6 21. Qb5 Bd6 22. Nxe6 Rxe6 23. Nxd6 Qxd6 24. Bxc6 Rxc6 25. Qxb7 Rxc1 26. Rxc1 g6 27. Qb5 Re5 28. Qc4 Qb6 29. Rc2 Rb5 30. Qc8+ Kg7 31. Rc6 Qb7 32. Qxb7 Rxb7 33. Rc2 h5 34. Kf1 Kf6 35. Ke1 Ke6 36. Kd2 Kd5 37. Kc1 a4 38. Rc8 Re7 39. Rc2 Rb7 40. Rd2 Ke4 41. Rd3 g5 42. f3+ Ke5 43. e3 dxe3 44. Rxe3+ Kd6 45. Kc2 f5 46. Rd3+ Kc5 47. Rd8 Rb3 48. Rg8 Rxf3 49. Rxg5 Kc4 50. Rxh5 Rf2+ 51. Kc1 Kb3 52. Rh4 Rc2+ 53. Kd1 Rh2 54. Rb4+ Ka2 55. g4 fxg4 56. hxg4 Rg2 57. Kc1 Ka1 58. Kd1 Ka2 59. Ke1 Rxb2 60. Rxb2+ Kxb2 61. Kd2 Kxa3 62. Kc2 Ka2 63. g5 a3 64. g6 Ka1 65. g7 a2 66. Kb3 Kb1 67. g8Q a1N+ 68. Kc3 1-0

[Event "BL2-Nord 0607"]
[Site "Germany"]
[Date "2007.02.04"]
[Round "5.6"]
[White "Marxen, Peter"]
[Black "Asendorf, Joachim"]
[Result "1/2-1/2"]
[WhiteElo "2175"]
[BlackElo "2315"]
[PlyCount "52"]
[EventDate "2006.10.15"]
[EventType "team-tourn"]
[EventRounds "9"]
[EventCountry "GER"]
[SourceTitle "EXT 2008"]
[Source "ChessBase"]
[SourceDate "2007.11.25"]
[SourceVersion "1"]
[SourceVersionDate "2007.11.25"]
[SourceQuality "1"]
[WhiteTeam "Preetz"]
[BlackTeam "Werder Bremen II"]
[WhiteTeamCountry "GER"]
[BlackTeamCountry "GER"]

1. e4 c5 2. c3 d5 3. exd5 Qxd5 4. d4 Nf6 5. Nf3 Bg4 6. Be2 e6 7. h3 Bh5 8. 0-0 Nc6 9. Be3 cxd4 10. Nxd4 Bxe2 11. Qxe2 Be7 12. Nd2 Nxd4 13. Bxd4 0-0 14. Nf3 Rfd8 15. Rfd1 Qe4 16. Qxe4 Nxe4 17. Kf1 Nd6 18. Bc5 b6 19. Ba3 Nf5 20. Bxe7 Nxe7 21. c4 f6 22. Ke2 e5 23. Rxd8+ Rxd8 24. Rd1 Rxd1 25. Kxd1 Nc6 26. Kd2 Kf7 1/2-1/2

[Event "BL2-Nord 0607"]
[Site "Germany"]
[Date "2006.10.29"]
[Round "2.5"]
[White "Pueschel, Werner"]
[Black "Asendorf, Joachim"]
[Result "1-0"]
[WhiteElo "2185"]
[BlackElo "2315"]
[PlyCount "89"]
[EventDate "2006.10.15"]
[EventType "team-tourn"]
[EventRounds "9"]
[EventCountry "GER"]
[SourceTitle "EXT 2008"]
[Source "ChessBase"]
[SourceDate "2007.11.25"]
[SourceVersion "1"]
[SourceVersionDate "2007.11.25"]
[SourceQuality "1"]
[WhiteTeam "Steglitz Wilmersdorf"]
[BlackTeam "Werder Bremen II"]
[WhiteTeamCountry "GER"]
[BlackTeamCountry "GER"]

1. e4 c5 2. Nf3 d6 3. Bb5+ Bd7 4. a4 Nc6 5. 0-0 Nf6 6. Nc3 e6 7. Re1 Be7 8. d4 cxd4 9. Nxd4 0-0 10. Be3 Qc7 11. h3 a6 12. Nxc6 Bxc6 13. Bxc6 Qxc6 14. Bf4 Rfd8 15. Qe2 Rac8 16. Rad1 d5 17. exd5 Nxd5 18. Nxd5 Rxd5 19. Rxd5 Qxd5 20. Rd1 Qf5 21. Bd6 Bf6 22. c4 Qa5 23. b3 h6 24. Qf3 Rc6 25. Bf4 Qf5 26. g4 Qc2 27. Rd7 e5 28. Rxb7 Rd6 29. Be3 e4 30. Rb8+ Kh7 31. Qf5+ g6 32. Qf4 Qd1+ 33. Kg2 g5 34. Qxe4+ Kg7 35. Qe8 Bd8 36. Qe5+ Bf6 37. Qe8 Bd8 38. Bc5 Rf6 39. Bf8+ Kh7 40. Qe4+ Kg8 41. Bc5 Rf4 42. Qd5 Rxg4+ 43. hxg4 Qxg4+ 44. Kf1 Qh3+ 45. Ke2 1-0

[Event "BL2-Nord 0506"]
[Site "Germany"]
[Date "2006.01.29"]
[Round "6.6"]
[White "Asendorf, Joachim"]
[Black "Junge, Kai"]
[Result "1-0"]
[WhiteElo "2328"]
[BlackElo "2258"]
[PlyCount "133"]
[EventDate "2005.10.23"]
[EventType "team-tourn"]
[EventRounds "9"]
[EventCountry "GER"]
[SourceTitle "EXT 2007"]
[Source "ChessBase"]
[SourceDate "2006.11.23"]
[SourceVersion "1"]
[SourceVersionDate "2006.11.23"]
[SourceQuality "1"]
[WhiteTeam "Werder Bremen II"]
[BlackTeam "Preetz"]
[WhiteTeamCountry "GER"]
[BlackTeamCountry "GER"]

1. c4 Nf6 2. Nc3 g6 3. g3 Bg7 4. Bg2 0-0 5. e4 d6 6. Nge2 c5 7. 0-0 Nc6 8. d3 a6 9. Be3 Rb8 10. a4 Ng4 11. Bc1 e5 12. h3 Nh6 13. f4 f5 14. fxe5 Nxe5 15. d4 cxd4 16. Nxd4 fxe4 17. Rxf8+ Bxf8 18. Nxe4 Nhf7 19. b3 Bg7 20. Ra2 Kh8 21. Nc3 Nc6 22. Be3 Bd7 23. Rd2 Qf8 24. Nde2 Re8 25. Bf4 Nce5 26. g4 g5 27. Bg3 Bxg4 28. hxg4 Nxg4 29. Nd5 Nfe5 30. Nd4 h5 31. Nc7 Qf7 32. Nxe8 Qxe8 33. Nf5 Qc8 34. Nxd6 Qc5+ 35. Kh1 h4 36. Ne4 Qe3 37. Re2 Qd3 38. Qxd3 Nxd3 39. Bh2 Nxh2 40. Kxh2 Nf4 41. Rd2 g4 42. Ng5 Bf6 43. Ne4 Be5 44. Kh1 Kg7 45. Rd7+ Kg6 46. Rxb7 h3 47. Rb6+ Kf5 48. Ng3+ Kg5 49. Be4 Kh4 50. Nf5+ Kg5 51. Rxa6 Ne2 52. Ra5 Kf4 53. Bd3 Nc1 54. Bc2 Ne2 55. Rxe5 Kxe5 56. a5 g3 57. Nxg3 Nxg3+ 58. Kh2 Nf1+ 59. Kxh3 Kd6 60. b4 Nd2 61. Bd3 Nf3 62. Kg3 Ne5 63. Be2 Ke7 64. b5 Nd7 65. Kf4 Kd6 66. Bf3 Kc7 67. b6+ 1-0

[Event "BL2-Nord 0506"]
[Site "Germany"]
[Date "2006.01.15"]
[Round "5.7"]
[White "Asendorf, Joachim"]
[Black "Holzapfel, Daniel"]
[Result "1/2-1/2"]
[WhiteElo "2328"]
[BlackElo "2310"]
[PlyCount "41"]
[EventDate "2005.10.23"]
[EventType "team-tourn"]
[EventRounds "9"]
[EventCountry "GER"]
[SourceTitle "EXT 2007"]
[Source "ChessBase"]
[SourceDate "2006.11.23"]
[SourceVersion "1"]
[SourceVersionDate "2006.11.23"]
[SourceQuality "1"]
[WhiteTeam "Werder Bremen II"]
[BlackTeam "Kreuzberg II"]
[WhiteTeamCountry "GER"]
[BlackTeamCountry "GER"]

1. c4 e6 2. Nc3 Nf6 3. e4 d5 4. e5 d4 5. exf6 dxc3 6. bxc3 Qxf6 7. d4 e5 8. Nf3 exd4 9. Bg5 Qe6+ 10. Be2 Be7 11. cxd4 Bxg5 12. Nxg5 Qf5 13. Qd2 Nc6 14. d5 Ne7 15. 0-0 h6 16. Nf3 0-0 17. Rab1 b6 18. Rb3 Qf6 19. Re1 Bd7 20. Bf1 Ng6 21. Rbe3 1/2-1/2

[Event "BL2-Nord 0506"]
[Site "Germany"]
[Date "2005.10.23"]
[Round "1.8"]
[White "Lampe, Dirk"]
[Black "Asendorf, Joachim"]
[Result "0-1"]
[WhiteElo "2212"]
[BlackElo "2328"]
[PlyCount "62"]
[EventDate "2005.10.23"]
[EventType "team-tourn"]
[EventRounds "9"]
[EventCountry "GER"]
[SourceTitle "EXT 2007"]
[Source "ChessBase"]
[SourceDate "2006.11.23"]
[SourceVersion "1"]
[SourceVersionDate "2006.11.23"]
[SourceQuality "1"]
[WhiteTeam "Luebeck"]
[BlackTeam "Werder Bremen II"]
[WhiteTeamCountry "GER"]
[BlackTeamCountry "GER"]

1. e4 c5 2. Nf3 d6 3. d4 cxd4 4. Nxd4 Nf6 5. Nc3 g6 6. Bc4 Bg7 7. 0-0 0-0 8. Re1 a6 9. Bb3 b5 10. a4 b4 11. Nd5 Bb7 12. Bg5 Nbd7 13. a5 h6 14. Bxf6 Nxf6 15. Nxb4 Bxe4 16. c3 e6 17. Qe2 Bb7 18. Qd3 d5 19. f3 Qc7 20. Qe3 Rfe8 21. Ndc2 Rad8 22. Qb6 Qc8 23. Ba4 Bf8 24. Nd3 Re7 25. Kh1 Rc7 26. Qe3 Nd7 27. Ncb4 Bg7 28. Bb3 Nc5 29. Bc2 d4 30. cxd4 Rxd4 31. Rac1 Nxd3 0-1

[Event "Hamburg Junge op"]
[Site "Hamburg"]
[Date "2005.10.08"]
[Round "8"]
[White "Ernst, Thomas"]
[Black "Asendorf, Joachim"]
[Result "1-0"]
[WhiteElo "2475"]
[BlackElo "2328"]
[PlyCount "76"]
[EventDate "2005.10.01"]
[EventType "swiss"]
[EventRounds "9"]
[EventCountry "GER"]
[SourceTitle "CBM 108 Extra"]
[Source "ChessBase"]
[SourceDate "2005.11.04"]
[SourceVersion "1"]
[SourceVersionDate "2005.11.04"]
[SourceQuality "1"]

1. e4 c5 2. Nf3 d6 3. d4 cxd4 4. Nxd4 Nf6 5. Nc3 g6 6. Be3 Bg7 7. f3 0-0 8. Qd2 Nc6 9. Bc4 Bd7 10. h4 Rc8 11. Bb3 h5 12. 0-0-0 Ne5 13. Bg5 Rc5 14. f4 Nc4 15. Qd3 Ng4 16. Bxc4 Nf2 17. Qe2 Nxh1 18. Bb3 Bg4 19. Nf3 Rxc3 20. bxc3 Qa5 21. Rxh1 Qxc3 22. Qd1 Bxf3 23. gxf3 Qe3+ 24. Kb1 Qc3 25. e5 dxe5 26. Qd3 Qc7 27. Qxg6 e6 28. Qxh5 exf4 29. Bh6 Qc3 30. Bxg7 Qxg7 31. Rd1 Rc8 32. a4 b6 33. Rd7 a5 34. Qg5 Qxg5 35. hxg5 Rc3 36. g6 fxg6 37. Bxe6+ Kh8 38. Bd5 Ra3 1-0

[Event "Hamburg Junge op"]
[Site "Hamburg"]
[Date "2005.10.07"]
[Round "7"]
[White "Wurzel, Andre"]
[Black "Asendorf, Joachim"]
[Result "0-1"]
[WhiteElo "2197"]
[BlackElo "2328"]
[PlyCount "64"]
[EventDate "2005.10.01"]
[EventType "swiss"]
[EventRounds "9"]
[EventCountry "GER"]
[SourceTitle "CBM 108 Extra"]
[Source "ChessBase"]
[SourceDate "2005.11.04"]
[SourceVersion "1"]
[SourceVersionDate "2005.11.04"]
[SourceQuality "1"]

1. c4 e6 2. g3 d5 3. Bg2 Nf6 4. Nf3 Be7 5. 0-0 0-0 6. b3 c5 7. Bb2 Nc6 8. e3 d4 9. exd4 cxd4 10. Re1 Re8 11. a3 a5 12. d3 Bf8 13. Ne5 Nxe5 14. Rxe5 Nd7 15. Rb5 e5 16. Bxb7 Bxb7 17. Rxb7 Nc5 18. Rb5 Rb8 19. Qc2 Qd7 20. Rxb8 Rxb8 21. Nd2 Qf5 22. Ne4 Nxe4 23. dxe4 Qf3 24. b4 axb4 25. axb4 Bxb4 26. c5 h5 27. c6 Bd6 28. c7 Bxc7 29. Ra3 d3 30. Qxc7 Rxb2 31. Qd8+ Kh7 32. Qxd3 Qxf2+ 0-1

[Event "Hamburg Junge op"]
[Site "Hamburg"]
[Date "2005.10.06"]
[Round "6"]
[White "Asendorf, Joachim"]
[Black "Maiwald, Jens Uwe"]
[Result "0-1"]
[WhiteElo "2328"]
[BlackElo "2502"]
[PlyCount "92"]
[EventDate "2005.10.01"]
[EventType "swiss"]
[EventRounds "9"]
[EventCountry "GER"]
[SourceTitle "CBM 108 Extra"]
[Source "ChessBase"]
[SourceDate "2005.11.04"]
[SourceVersion "1"]
[SourceVersionDate "2005.11.04"]
[SourceQuality "1"]

1. c4 g6 2. g3 Bg7 3. Bg2 d6 4. Nc3 Nc6 5. e4 h5 6. h4 Bg4 7. f3 Bd7 8. Nge2 a6 9. d3 Rb8 10. a4 Ne5 11. 0-0 c5 12. Kh2 Nh6 13. Bg5 f6 14. Bf4 Nhf7 15. b3 g5 16. Be3 gxh4 17. gxh4 f5 18. Qd2 Ng6 19. Bg5 Qa5 20. Rab1 f4 21. Rbd1 Nxg5 22. hxg5 e6 23. Bh3 Ne5 24. Kg2 Rg8 25. Nxf4 Bh6 26. Nxe6 Bxe6 27. Bxe6 Rxg5+ 28. Kh1 Rg6 29. Qb2 Rxe6 30. Rg1 Kd7 31. f4 Ng4 32. f5 Re5 33. Nd5 Rxd5 34. cxd5 Rf8 35. Qe2 Qd8 36. Rxg4 hxg4 37. Qxg4 Rg8 38. Qh3 Qf6 39. Rg1 Rh8 40. Kg2 Bf4 41. Qg4 Be3 42. Re1 Bd4 43. Kf3 Kc7 44. Re2 Rh4 45. Qg6 Rh3+ 46. Kg2 Qh4 0-1

[Event "Hamburg Junge op"]
[Site "Hamburg"]
[Date "2005.10.04"]
[Round "4"]
[White "Czeremin, Claus"]
[Black "Asendorf, Joachim"]
[Result "0-1"]
[WhiteElo "2111"]
[BlackElo "2328"]
[PlyCount "44"]
[EventDate "2005.10.01"]
[EventType "swiss"]
[EventRounds "9"]
[EventCountry "GER"]
[SourceTitle "CBM 108 Extra"]
[Source "ChessBase"]
[SourceDate "2005.11.04"]
[SourceVersion "1"]
[SourceVersionDate "2005.11.04"]
[SourceQuality "1"]

1. e4 c5 2. Nf3 d6 3. Bb5+ Bd7 4. Bxd7+ Qxd7 5. 0-0 Nf6 6. Re1 Nc6 7. c3 e6 8. d4 cxd4 9. cxd4 d5 10. Nc3 dxe4 11. Nxe4 Rd8 12. Nxf6+ gxf6 13. Be3 Qd5 14. Qe2 Rg8 15. Red1 Qe4 16. g3 Rd5 17. Rac1 Be7 18. a3 h5 19. h4 f5 20. Rd2 f4 21. Ne5 fxe3 22. Qxh5 Rxe5 0-1

[Event "Hamburg Junge op"]
[Site "Hamburg"]
[Date "2005.10.03"]
[Round "3"]
[White "Asendorf, Joachim"]
[Black "Schlesinger, Christian"]
[Result "1-0"]
[WhiteElo "2328"]
[BlackElo "2087"]
[PlyCount "26"]
[EventDate "2005.10.01"]
[EventType "swiss"]
[EventRounds "9"]
[EventCountry "GER"]
[SourceTitle "CBM 108 Extra"]
[Source "ChessBase"]
[SourceDate "2005.11.04"]
[SourceVersion "1"]
[SourceVersionDate "2005.11.04"]
[SourceQuality "1"]

1. c4 b6 2. Nc3 Bb7 3. e4 e6 4. a3 Be7 5. d4 d6 6. g3 f5 7. Bg2 Nf6 8. d5 Nbd7 9. exf5 exf5 10. Nge2 Nf8 11. Nd4 Qd7 12. 0-0 0-0-0 13. Nc6 a6 1-0